|
|
|
|
| LEADER |
02711nam a2200685 i 4500 |
| 001 |
nkc20203263166 |
| 003 |
CZ PrNK |
| 005 |
20210120095842.0 |
| 007 |
ta |
| 008 |
201109s2020 xr ach e 000 0dcze |
| 015 |
|
|
|a cnb003263166
|
| 020 |
|
|
|a 978-80-7662-060-5
|q (vázáno) :
|c Kč 399,00
|
| 035 |
|
|
|a (OCoLC)1230105391
|
| 040 |
|
|
|a ABA001
|b cze
|d OLA001
|e rda
|
| 043 |
|
|
|a e-cs---
|a e-xr---
|
| 045 |
|
|
|a y-y-
|
| 072 |
|
7 |
|a 323
|x Vnitropolitický vývoj, politický život
|2 Konspekt
|9 15
|
| 080 |
|
|
|a 94(437)"1969/1989"
|2 MRF
|
| 080 |
|
|
|a 321.74
|2 MRF
|
| 080 |
|
|
|a 323.28
|2 MRF
|
| 080 |
|
|
|a 323.25/.26:329.15
|2 MRF
|
| 080 |
|
|
|a 7.097
|2 MRF
|
| 080 |
|
|
|a (437)
|2 MRF
|
| 080 |
|
|
|a (437.3)
|2 MRF
|
| 080 |
|
|
|a (0:82-96)
|2 MRF
|
| 080 |
|
|
|a (0:82-32)
|2 MRF
|
| 100 |
1 |
|
|a Drda, Adam,
|d 1971-
|7 js20011212175
|4 aut
|
| 245 |
1 |
0 |
|a Převrácené životy :
|b podle cyklu televizních dokumentů Příběhy 20. století /
|c Adam Drda
|
| 246 |
3 |
0 |
|a Příběhy 20. století
|
| 264 |
|
1 |
|a Praha :
|b Kniha Zlin,
|c 2020
|
| 300 |
|
|
|a 320 stran :
|b ilustrace, portréty, faksimile ;
|c 24 cm
|
| 336 |
|
|
|a text
|b txt
|2 rdacontent
|
| 337 |
|
|
|a bez média
|b n
|2 rdamedia
|
| 338 |
|
|
|a svazek
|b nc
|2 rdacarrier
|
| 504 |
|
|
|a Obsahuje bibliografické odkazy
|
| 630 |
0 |
7 |
|a Příběhy 20. století (televizní cyklus)
|7 unn2017973312
|2 czenas
|
| 630 |
0 |
9 |
|a Příběhy 20. století (television program)
|2 eczenas
|
| 648 |
|
7 |
|a 1969-1989
|7 ch460663
|2 czenas
|
| 648 |
|
7 |
|a 21. století
|7 ch460559
|2 czenas
|
| 650 |
0 |
7 |
|a normalizace (1969-1989 : Československo)
|7 ph123319
|2 czenas
|
| 650 |
0 |
7 |
|a komunistický režim
|7 ph114960
|z Československo
|2 czenas
|
| 650 |
0 |
7 |
|a politická perzekuce
|7 ph124236
|z Československo
|2 czenas
|
| 650 |
0 |
7 |
|a protikomunistický odboj
|7 ph115902
|z Československo
|2 czenas
|
| 650 |
0 |
7 |
|a televizní pořady
|7 ph126513
|z Česko
|y 21. století
|2 czenas
|
| 650 |
0 |
9 |
|a "normalization" (1969-1989 : Czechoslovakia)
|2 eczenas
|
| 650 |
0 |
9 |
|a communist regime
|z Czechoslovakia
|2 eczenas
|
| 650 |
0 |
9 |
|a political persecution
|z Czechoslovakia
|2 eczenas
|
| 650 |
0 |
9 |
|a anti-communist movements
|z Czechoslovakia
|2 eczenas
|
| 650 |
0 |
9 |
|a television programs
|z Czechia
|y 21st century
|2 eczenas
|
| 655 |
|
7 |
|a literatura faktu
|7 fd132773
|2 czenas
|
| 655 |
|
7 |
|a příběhy
|7 fd133204
|2 czenas
|
| 655 |
|
9 |
|a non-fiction
|2 eczenas
|
| 655 |
|
9 |
|a stories
|2 eczenas
|
| 910 |
2 |
|
|a BOA001
|b 2-1455.671
|
| 928 |
9 |
|
|a Albatros Media - Kniha Zlin
|
| 990 |
|
|
|a BK
|
| 995 |
|
|
|a 01
|
| 991 |
|
|
|b 202012
|c NOV
|
| 996 |
6 |
|
|b 2610845899
|c 2-1455.671
|l MZK
|r Sklad / do 1 hodiny
|n 1
|p p.v.
|w 001834344
|u 000010
|a 1
|e BOA001
|j MZK50
|s P
|
| 996 |
7 |
|
|b 2610847562
|c 2-1455.671
|l MZK
|r Sklad / do 1 hodiny
|n 4
|p kup
|w 001834344
|u 000020
|a 1
|e BOA001
|j MZK50
|s A
|